000 00217nam a22000857a 4500
008 160809b xxu||||| |||| 00| 0 eng d
100 _989
_aOm Kidz
245 _aJhansi ki Rani Lakshmibai
260 _aNew Delhi
_bOm Kidz
_c2013
999 _c2743
_d2743